000 00776nam a2200229Ia 4500
003 IN-BaIIA
008 211028s9999 xx 000 0 eng d
020 _a3-540-51956-4
040 _cIIA Library
080 _a082.2:52
_bIAU-C120
245 0 _aStructure and dynamics of the interstellar medium
_cedited by G. Tenorio-Tagle, M. Moles and J. Melnick
260 _aBerlin
_bSpringer-Verlag
_c1989
300 _axxi, 537p.
490 _aIAU Colloquium; no.120
650 _aAstronomy and Astrophysics Thesaurus
650 _aInterstellar Matter
_91189
650 _aInterstellar medium
_93375
650 _aMolecular clouds
_911776
700 _aMoles, M., ed.
_916670
700 _aTenorio-Tagle, G., ed.
_916671
942 _cBK
999 _c9839
_d9839